000
00335 a2200157 4500
001
73485
020
_a
857232338-4
040
_c
Anchieta - Colégio São Paulo
100
_a
Alencar, José de
240
1
0
_a
O Guarani
_l
por
245
1
0
_a
O Guarani
300
_a
279
362
0
_a
1999
650
4
_a
Ficção brasileira
942
_c
BK
999
_c
73485
_d
73485